000 01205nam0a22002651 4500
001 rc\2745680
005 20110915170229.7
035 _a(NLR Aleph) 006872748
090 _a6965030
_c6965030
100 _a20110915d1939 |||y0rusy50 ca
101 0 _arus
102 _aRU
105 _aa z |||||
200 1 _aИзвесткование почв
_eМат-лы совещания от 19-20 окт. 1938 г.
_fПод ред. акад. О. К. Кедрова-Зихман и Н. З. Станкова
_gВсес. акад. с.-х. наук им. В. И. Ленина. Секция агрохимии
210 _aМосква
_cРед.-изд. сектор Всес. акад. с.-х. наук им. В. И. Ленина
_d1939
215 _a152 с.
_cил., граф.
_d22 см.
320 _aБиблиогр. в конце статей
702 1 _aСтанков
_bН. З.
_4340
702 1 _aКедров-Зихман
_bО. К.
_gОскар Карлович
_4340
712 0 2 _aВсесоюзная акад. с.-х. наук им. В. И. Ленина
_bСекция агрохимии
801 0 _aRU
_bNLR
_gpsbo
801 1 _aRU
_bELAR
_2rusmarc
852 _aNLR
_j39-4/1560
942 _cBOOK
980 _aNB